Missing Word: 'Saint'ly Subjects Quiz Stats

 Plays Quiz Updated Jul 8, 2015

Challenge
Share
Tweet
Embed
Score 0/15 Timer 04:00
0 Plays Today
Phrase Missing Word % Correct
Latter _____ Saint MovementDay
95.4%
St. Elmo's _____Fire
94.3%
Saint _____'s DayPatrick
93.5%
New _____ SaintsOrleans
88.6%
St. _____, MissouriLouis
87.7%
Mount St. _____Helens
84.3%
St. _____'s BasilicaPeter
82.5%
St. _____Elsewhere
80.2%
Phrase Missing Word % Correct
Saint Lawrence _____River
78.8%
_____-Saint Paul International AirportMinneapolis
77.6%
Saint Joseph's _____University
54.7%
Saint _____ and the GrenadinesVincent
48.6%
St. Bartholomew's Day _____Massacre
42.8%
Saint _____ of LoyolaIgnatius
32.1%
_____ de Saint-ExupéryAntoine
24.9%

Today's Daily Dose

Missing Word
TV HA - HZ

Word Ladder
Nordic Capital

On This Day
January 19th II

You're not logged in!

Compare scores with friends on all Sporcle quizzes.
OR
Log In

You Might Also Like...

Show Comments

Extras

Top Quizzes Today


Score Distribution

Your Account Isn't Verified!

In order to create a playlist on Sporcle, you need to verify the email address you used during registration. Go to your Sporcle Settings to finish the process.

Report this User

Report this user for behavior that violates our Community Guidelines.

Details: